Les Bacants /
ISBN:
9788498039849
Descripción Física:
91 pàgines ; 22 cm
Otros Autores:
Casas, Joan, 1950-
Idioma:
Catalán , Greek, Ancient (to 1453)
MARC
| LEADER | 00000nam a2200000 i 4500 | ||
|---|---|---|---|
| 001 | 28577 | ||
| 003 | AGDB | ||
| 005 | 20260324181526.0 | ||
| 008 | 240404e202402 spc 000 d cat c | ||
| 017 | |a B 4069-2024 |b Biblioteca de Catalunya | ||
| 020 | |a 9788498039849 | ||
| 040 | |a ES-BaIT |b cat |e rda |c ES-BaIT | ||
| 041 | 1 | |a cat |h grc | |
| 080 | |a 875-2"-04" | ||
| 100 | 0 | |a Eurípides, |d aproximadament 480 aC-406 aC, |e autor |9 71562 | |
| 240 | 1 | 0 | |a Bacants. |l Català |
| 245 | 1 | 4 | |a Les Bacants / |c Eurípides ; text català de Joan Casas |
| 250 | |a Primera edició: |b febrer de 2024 | ||
| 264 | 1 | |a Barcelona : |b Institut del Teatre Edicions ; |c 2024 | |
| 300 | |a 91 pàgines ; |c 22 cm | ||
| 336 | |a text |b txt |2 rdacontent | ||
| 337 | |a sense mediació |b n |2 rdamedia | ||
| 338 | |a volum |b nc |2 rdacarrier | ||
| 504 | |a Bibliografia pàgines: 89-91. | ||
| 700 | 1 | |a Casas, Joan, |d 1950- |e traductor |9 23157 | |
| 856 | 4 | 0 | |u https://llibreria.diba.cat/es/libro/les-bacants_69800 |y Accés lliure (Llibreria de la Diputació de Barcelona) |
| 908 | |a CDMAE | ||
| 940 | |a CDMAE | ||
| 942 | |2 udc |c ARXIU |n 1 | ||
| 952 | |0 0 |1 0 |4 0 |6 BIB1197 |7 1 |9 97378 |a Arxiu |b Arxiu |d 2024-09-02 |l 0 |o Bib-1197 |p 28577 |r 2024-09-02 00:00:00 |w 2024-09-02 |y ARXIU | ||
| 999 | |c 129228 |d 129228 | ||